Score 0/18 Timer 02:00
1 Play Today
Title Missing Word % Correct
The _____ MusketeersThree
98.4%
Two and a _____ MenHalf
97.8%
Ferris Bueller's _____ OffDay
96.4%
Scary _____ 3Movie
95.1%
All _____ Go to Heaven 2Dogs
89.1%
Being _____ MalkovichJohn
84.7%
Wall _____Street
78.3%
Men at _____Work
77.9%
_____ SealsNavy
75.7%
Title Missing Word % Correct
Spin _____City
70.9%
No Man's _____Land
70.7%
_____ LeagueMajor
69.8%
_____ DawnRed
51%
Hot _____!Shots
48.6%
National Lampoon's Loaded _____ 1Weapon
39.2%
_____ VelocityTerminal
38.2%
_____ GunsYoung
37.9%
_____ Men OutEight
35.8%

Today's Daily Dose

Missing Word
I Hardly Know Her!

Word Ladder
Sentence Ending

Quick Pick
Female Firsts

Get the Picture
Triathlon Sports

Remove Ads.
Support Sporcle.
Get the best of Sporcle when you Go Orange. This ad-free experience offers more features, more stats, and more fun while also helping to support Sporcle. Thank you for becoming a member.

You're not logged in!

Compare scores with friends on all Sporcle quizzes.
OR
Log In

Show Comments

Extras

Top Quizzes Today


Score Distribution

Your Account Isn't Verified!

In order to create a playlist on Sporcle, you need to verify the email address you used during registration. Go to your Sporcle Settings to finish the process.

Report this User

Report this user for behavior that violates our Community Guidelines.

Details: